<?xml version="1.0" encoding="UTF-8"?>
<collection xmlns="http://www.loc.gov/MARC21/slim">
 <record>
  <leader>01580nam a2200205Ia 4500</leader>
  <controlfield tag="001">CTU_40690</controlfield>
  <controlfield tag="008">210402s9999    xx            000 0 und d</controlfield>
  <datafield tag="020" ind1=" " ind2=" ">
   <subfield code="b">42000</subfield>
  </datafield>
  <datafield tag="082" ind1=" " ind2=" ">
   <subfield code="a">658.404</subfield>
  </datafield>
  <datafield tag="082" ind1=" " ind2=" ">
   <subfield code="b">C561</subfield>
  </datafield>
  <datafield tag="100" ind1=" " ind2=" ">
   <subfield code="a">Đỗ, Minh Cương</subfield>
  </datafield>
  <datafield tag="245" ind1=" " ind2="0">
   <subfield code="a">Dự án và kế hoạch kinh doanh từ ý tưởng đến văn bản hoàn chỉnh</subfield>
  </datafield>
  <datafield tag="245" ind1=" " ind2="0">
   <subfield code="c">Đỗ Minh Cương, Vũ Quốc Ngữ, Đỗ Huy Khánh</subfield>
  </datafield>
  <datafield tag="260" ind1=" " ind2=" ">
   <subfield code="a">Hà Nội</subfield>
  </datafield>
  <datafield tag="260" ind1=" " ind2=" ">
   <subfield code="b">Chính trị Quốc gia</subfield>
  </datafield>
  <datafield tag="260" ind1=" " ind2=" ">
   <subfield code="c">2000</subfield>
  </datafield>
  <datafield tag="520" ind1=" " ind2=" ">
   <subfield code="a">Lập dự án là điều không thể thiếu được nếu bạn muốn vay vốn từ các ngân hàng hay từ các nhà cung cấp tài chính; Dự án cung cấp những hướng dẫn, hệ thống các vật chuẩn suốt trong quá trình tiến hành công việc; Dự án còn bàn tới/và kiểm tra tính khả thi, độ chín... của ý tưởng xây dựng ban đầu, thể hiện sự chắc chắn, sự tin tưởng của tác giả. Và cuối cùng Dự án còn thể hiện sự điều phối, sự tập hợp nhân sự, sự chung đúc của những người cùng chí hướng tạo nên một êkip mạnh, thúc đẩy Dự án đén thành công. Đó là nội dung của cuốn sách.</subfield>
  </datafield>
  <datafield tag="650" ind1=" " ind2=" ">
   <subfield code="a">Project management</subfield>
  </datafield>
  <datafield tag="904" ind1=" " ind2=" ">
   <subfield code="i">Nguyễn Quang Điền, Hải</subfield>
  </datafield>
  <datafield tag="980" ind1=" " ind2=" ">
   <subfield code="a">Trung tâm Học liệu Trường Đại học Cần Thơ</subfield>
  </datafield>
 </record>
</collection>
